| 000 | 00899nam a22002057a 4500 | ||
|---|---|---|---|
| 005 | 20240722131032.0 | ||
| 010 | _aB-760079 | ||
| 020 |
_a9788121613835 _c250.00 |
||
| 035 | _aB-760079 | ||
| 037 | _bउपहार | ||
| 082 | _aक | ||
| 100 |
_aधामा, तेजपाल सिंह _968668 |
||
| 245 |
_aमहाभारत की कहानियां / _c तेजपाल सिंह धामा |
||
| 260 |
_aनई दिल्ली _bहिन्द पॉकेट बुक्स _c2014 |
||
| 270 |
_aजे-40, जोरबाग लेन, _bनई दिल्ली _e110028 |
||
| 300 |
_a78पृ. _c22सेमी (अजिल्द) |
||
| 700 |
_aधामा, तेजपाल सिंह _9798 |
||
| 942 |
_2ddc _cCH _mमहाभा _hक |
||
| 999 |
_c204252 _d204252 |
||